The public sector construction database and the econometric model (Record no. 120909)
[ view plain ]
| 000 -LEADER | |
|---|---|
| fixed length control field | 01254cai a22001815a 4500 |
| 001 - CONTROL NUMBER | |
| control field | L152978 |
| 008 - FIXED-LENGTH DATA ELEMENTS--GENERAL INFORMATION | |
| fixed length control field | 110519u2010 xxk g 000 0 eng d |
| 035 ## - SYSTEM CONTROL NUMBER | |
| System control number | (Sirsi) u152978 |
| 041 0# - LANGUAGE CODE | |
| Language code of text/sound track or separate title | eng |
| 110 2# - MAIN ENTRY--CORPORATE NAME | |
| Corporate name or jurisdiction name as entry element | United Kingdom |
| Subordinate unit | Office of Government Commerce |
| 9 (RLIN) | 5119 |
| 245 04 - TITLE STATEMENT | |
| Title | The public sector construction database and the econometric model |
| Medium | [electronic resource] |
| 520 ## - SUMMARY, ETC. | |
| Summary, etc. | The Public Sector Construction Database (PSCD) from the OGC was developed to collect data on future public sector construction programmes and projects for analysis and reporting, in a web-based and real-time format. The database aims to provide visibility of public sector demand and spending patterns in order for the demand side to take cognisance of the effect of public sector construction demands on their projects and programmes and the supply side with intelligence to inform their investment decisions. |
| 590 ## - LOCAL NOTE (RLIN) | |
| Local note | KA NTK |
| 651 #4 - SUBJECT ADDED ENTRY--GEOGRAPHIC NAME | |
| Geographic name | United Kingdom |
| Chronological subdivision | |
| 690 ## - LOCAL SUBJECT ADDED ENTRY--TOPICAL TERM (OCLC, RLIN) | |
| Topical term or geographic name as entry element | BUILT ENVIRONMENT-CONSTRUCTION MARKET |
| 856 40 - ELECTRONIC LOCATION AND ACCESS | |
| Uniform Resource Identifier | <a href="https://webarchive.nationalarchives.gov.uk/20100503135839/http://www.ogc.gov.uk/construction_the_public_sector_construction_database_and_the_econometric_model.asp">https://webarchive.nationalarchives.gov.uk/20100503135839/http://www.ogc.gov.uk/construction_the_public_sector_construction_database_and_the_econometric_model.asp</a> |
| Public note | View the website free of charge at www.nationalarchives.gov.uk |
| 942 ## - ADDED ENTRY ELEMENTS (KOHA) | |
| Suppress in OPAC | 0 |
| Withdrawn status | Lost status | Source of classification or shelving scheme | Damaged status | Not for loan | Home library | Current library | Shelving location | Date acquired | Total Checkouts | Full call number | Barcode | Date last seen | Copy number | Price effective from | Koha item type |
|---|---|---|---|---|---|---|---|---|---|---|---|---|---|---|---|
| Dewey Decimal Classification | Virtual | Virtual | Online | 19/05/2011 | ONLINE PUBLICATION | 152978-1001 | 06/08/2019 | 1 | 06/08/2019 | Online material |